| 000 | 02387nam0a2200397 4500 | ||
|---|---|---|---|
| 001 | RU\NLR\bibl\575980 | ||
| 005 | 20260407104015.0 | ||
| 010 |
_a5-98187-010-9 _bв пер. |
||
| 021 |
_aRU _b2004-28774 _91449 |
||
| 035 | _a(NLR Aleph) 000568020 | ||
| 035 | _aRSL-KNO-002434899 | ||
| 090 |
_a1574542 _c1574542 |
||
| 100 | _a20040520d2003 |||y0rusy50 ca | ||
| 101 | 0 | _arus | |
| 102 | _aRU | ||
| 105 | _aabc ||||||||| | ||
| 106 | _ar | ||
| 200 | 1 |
_aЛадога - первая столица Руси _e1250 лет непрерывной жизни _eсб. ст. _fСедьмые чтения памяти Анны Мачинской, Старая Ладога, 21-23 дек. 2002 г. _g[науч. ред. Д. А. Мачинский] |
|
| 210 |
_aСПб. _cНестор-История _d2003 |
||
| 215 |
_a301, [1] с. _cил., карт., портр. _d21 |
||
| 320 | _aБиблиогр. в конце ст. | ||
| 607 |
_aСтарая Ладога, древнерусский город _jСъезды, совещания и т.п. _xАрхеологические исследования _92099138 _3RU\NLR\auth\661269759 |
||
| 607 |
_aСтарая Ладога, село (Ленинградская область) _jСъезды, совещания и т.п. _xИстория _91041397 _3RU\NLR\auth\6683146 |
||
| 610 | 0 | _aИстория. Исторические науки -- Археология -- Россия -- Средневековая археология России -- Европейская часть России в средние века -- Славяно-русская археология -- Славяно-русские памятники отдельных территорий -- Отдельные древнерусские города -- Ладога -- Материалы конференции | |
| 686 |
_aТ4(2)431.9Ладога.я431(2Р) _2rubbk |
||
| 686 | _aТ3(2Р-4Ле-2С-Л)я431 | ||
| 686 | _aТ4(2)431.92С-Л.я431 | ||
| 702 | 1 |
_aМачинский _bД. А. _f1937-2012 _gДмитрий Алексеевич _4340 |
|
| 711 | 1 | 2 |
_aЧтения памяти А. Мачинской _d7 _f2002 _eСтарая Ладога _3RU\NLR\AUTH\8810059405 _9620055 |
| 801 | 0 |
_aRU _bRuMoRKP _c20040520 _gPSBO |
|
| 801 | 1 |
_aRU _bRuMoRGB _c20040520 |
|
| 801 | 2 |
_aRU _bNLR _c20041119 _gPSBO |
|
| 942 | _cBOOK | ||
| 980 | _aNB | ||